• 首页
  • 本馆介绍
  • 公告通知
  • 最新文献
  • 馆藏检索
  • 电子资源
  • 读者导购
  • 参考咨询
  • 我的图书馆
  • 登录
  • 详细信息显示
  • 放入我的书架
  • 预约/预借图书
  • 作者相关作品
  • 分类相关作品
  • 丛书相关作品
  • 出版社相关作品

书目信息

  • 表格格式
  • 工作单格式
  • 卡片格式
题名:
经典碑帖导学教程
    
 
作者: 庆旭 主编 ;邵勇 编著
分册:   草
出版信息: 苏州   苏州大学出版社  2012.11
页数: 84页
开本: 29cm
丛书名:
单 册:
中图分类: J292.11 , J292.112.6
科图分类:
主题词: 碑帖--书法--中国--教材 , 草书--书法--中国--清代--教材 , 碑帖 , 书法 , 草书
电子资源:
ISBN: 978-7-5672-0372-3
000 01010nam0 2200313 450
001 010010110757
005 20140612094905.82
010    @a978-7-5672-0372-3@dCNY20.00
100    @a20130206d2012 em y0chiy50 ea
101 0  @achi
102    @aCN@b320000
105    @ay z 000yy
106    @ar
200 1  @a经典碑帖导学教程@9jing dian bei tie dao xue jiao cheng@i草@i王铎赠郑公度草书诗卷@f庆旭主编@g邵勇编著
210    @a苏州@c苏州大学出版社@d2012.11
215    @a84页@d29cm
300    @a中国教育学会“十一五”科研规划立项课题
330    @a本书主要内容包括:王铎及其《赠郑公度草书诗卷》;笔画篇;偏旁篇;结构篇;王铎《赠郑公度草书诗卷》原帖等。
606 0  @a碑帖@x书法@y中国@j教材
606 0  @a草书@x书法@y中国@z清代@j教材
606 0  @a碑帖
606 0  @a书法
606 0  @a草书
690    @aJ292.11@v5
690    @aJ292.112.6@v5
701  0 @a庆旭@9qing xu@4主编
702  0 @a邵勇@9shao yong@f(1975-)@4编著
801  0 @aCN@b人天书店@c20130206
905    @b549318-20@dJ292.11@e538:3@f3
    
    经典碑帖导学教程.草.王铎赠郑公度草书诗卷/庆旭主编/邵勇编著.-苏州:苏州大学出版社,2012.11
    84页;29cm
    中国教育学会“十一五”科研规划立项课题
    
    ISBN 978-7-5672-0372-3:CNY20.00
    本书主要内容包括:王铎及其《赠郑公度草书诗卷》;笔画篇;偏旁篇;结构篇;王铎《赠郑公度草书诗卷》原帖等。
●
相关链接 在E读中查询图书 在五车中查询图书 在当当中查询图书 在豆瓣中查询图书


正题名:经典碑帖导学教程     索取号:J292.11/538:3         预约/预借

序号 登录号 条形码 馆藏地/架位号 状态 备注
1 549318   205493189   第一样本阅览室/ [索取号:J292.11/538:3] 在馆    
2 549319   205493198   第一借阅区/ [索取号:J292.11/538:3] 在馆    
3 549320   205493205   第一借阅区/ [索取号:J292.11/538:3] 在馆    
唐山师范学院图书馆 欢迎您!
大连网信软件有限公司© 版权所有